000 00820nam a2200253 a 4500
005 20200104041520.0
008 140227b1999 txu||||| |||| 00| 0 spa d
040 _aCO-BoIAVH
_cCO-BoIAVH
041 _aspa
082 1 _a333.91
_bE18a
100 1 _aEchavarría, Marta
245 1 0 _aAgua :
_bvaloración del servicio ambiental que prestan las áreas protegidas
260 _aArlington:
_bThe Nature Conservancy,
_c1999.
300 _a84 páginas.
650 1 _aAgua
650 1 _aServicios ambientales
650 1 _aValoración económica
650 1 _aAreas protegidas
650 1 _aCuencas hidrográficas
650 1 _aRecursos hídricos
662 _cAmérica Latina
710 _aThe Nature Conservancy
_bUnidad Técnica Regional
942 _cINFORME
_2ddc
999 _c1410
_d1410